On logical, algebraic, and probabilistic aspects of fuzzy set theory

Bibliographic Details
Other Authors: Saminger-Platz, Susanne (Editor), Mesiar, Radko, 1951- (Editor)
Format: Book
Language:English
PhysicalDescription:xii, 275 strán obrázky, príklady, tabuľky 24 cm
Published: Switzerland Springer [2016]
ISBN:9783319804316
ISSN:1434-9922
Edition:Softcover reprint of the hardcover 1st edition 2016
Series:Studies in Fuzziness and Soft Computing
Subjects:

MARC

LEADER 00000nam a2200000 4500
001 vtls011858787
003 SK-MaSNL
005 20260301184527.0
008 210906s2016 sz a fr 011 0 eng
015 |a SNBZSA2021/01 
020 |a 9783319804316  |q (brožované) 
035 |a urn:nbn:sk:snk-am00fhwc 
035 |a urn:nbn:sk:snk-am3iuef 
035 |a 947F1FD6-4CC1-4F28-9DCF-1578A73641F2 
040 |a SNK  |b slo  |c SNK  |e rda 
041 0 |a eng 
044 |a sz  |c CH 
072 7 |a 510  |x Všeobecné úvahy o matematike  |2 konspekt 
080 |a 510.21-021.167  |2 2011 
080 |a 510.21  |2 2011 
080 |a 510.6-021.167  |2 2011 
080 |a (082)  |2 2011 
245 0 0 |a On logical, algebraic, and probabilistic aspects of fuzzy set theory  |c Susanne Saminger-Platz, Radko Mesiar, editors 
250 |a Softcover reprint of the hardcover 1st edition 2016 
264 1 |a Switzerland  |b Springer  |c [2016] 
264 4 |c ©2016 
300 |a xii, 275 strán  |b obrázky, príklady, tabuľky  |c 24 cm 
336 |a text  |b txt  |2 rdacontent 
337 |a bez média  |b n  |2 rdamedia 
338 |a zväzok  |b nc  |2 rdacarrier 
490 1 |a Studies in Fuzziness and Soft Computing  |x 1434-9922  |v 336 
504 |a Bibliografické odkazy za jednotlivými príspevkami, register autorov 
650 0 7 |a fuzzy množiny  |2 SNKPH  |9 945 
650 0 7 |a teória množín  |2 SNKPH  |9 735 
650 0 7 |a fuzzy logika  |2 SNKPH  |9 20941 
650 0 7 |a Fuzzy sets  |2 SNKPHeng  |9 357411 
650 0 7 |a Set theory  |2 SNKPHeng  |9 132038 
650 0 7 |a Fuzzy logic  |2 SNKPHeng  |9 357410 
655 7 |a zborníky  |2 SNKPH  |9 70165 
655 7 |a Papers of several authors  |2 SNKPHeng  |9 153738 
700 1 |a Saminger-Platz, Susanne  |4 edt  |9 561285 
700 1 |a Mesiar, Radko,  |d 1951-  |4 edt  |9 212349 
830 0 |a Studies in Fuzziness and Soft Computing  |9 561286 
919 |a 978-3-319-80431-6 
958 |a NB 
958 |a ZS 
999 |c 860756  |d 862686 
952 |a SNK  |b SNK  |y PREZ  |7 0  |p 17A1372912  |o snkSC 184718  |i snk2019/16298  |8 4  |g 138.91  |0 0  |1 0  |4 0  |d 2019-03-28  |f 1  |l 0  |r 2026-02-24 05:10:47  |w 2026-02-24